Tradícia pivovarníctva v meste Topoľčany a v jeho zázemí

Z histórie pivovarníctva na Slovensku. Z histórie pivovarníctva v regióne mesta Topoľčany. Pivovar v Topoľčanoch – minulosť a súčasnosť.

Salvato in:
Dettagli Bibliografici
Autore principale: Krajčík, Milan
Altri autori: Kramáreková, Hilda
Natura: Capitolo di libro
Lingua:slovacco
Soggetti:
Tags: Aggiungi Tag
Nessun Tag, puoi essere il primo ad aggiungerne!!

MARC

LEADER 00000nla a2200000 4500
001 0211932
005 20240417075103.8
041 0 |a slo 
044 |a SK 
245 1 0 |a Tradícia pivovarníctva v meste Topoľčany a v jeho zázemí  |c Milan Krajčík, Hilda Kramáreková 
520 |a Z histórie pivovarníctva na Slovensku. Z histórie pivovarníctva v regióne mesta Topoľčany. Pivovar v Topoľčanoch – minulosť a súčasnosť. 
610 2 0 |a história 
610 2 0 |a pivovarníctvo 
610 2 0 |a pivovary 
610 2 0 |a pivo 
100 1 |a Krajčík, Milan 
700 1 |a Kramáreková, Hilda